HOW TO WRITE FAST UNDER PRESSURE (Record no. 22044)

MARC details
000 -LEADER
fixed length control field 00337nam a2200133Ia 4500
008 - FIXED-LENGTH DATA ELEMENTS--GENERAL INFORMATION
fixed length control field 240624s9999 xx 000 0 und d
041 ## - LANGUAGE CODE
Language code of text/sound track or separate title eng
082 ## - DEWEY DECIMAL CLASSIFICATION NUMBER
Classification number 651.7 VAS
100 ## - MAIN ENTRY--PERSONAL NAME
Personal name VASSALLO PHILIP
245 ## - TITLE STATEMENT
Title HOW TO WRITE FAST UNDER PRESSURE
260 ## - PUBLICATION, DISTRIBUTION, ETC.
Date of publication, distribution, etc. 2010
Place of publication, distribution, etc. New York
Name of publisher, distributor, etc. AMACOM
300 ## - PHYSICAL DESCRIPTION
Extent xi, : 195 : p. : cm. ; 23
365 ## - TRADE PRICE
Currency code
Price amount 28
Holdings
Withdrawn status Lost status Damaged status Not for loan Home library Current library Shelving location Date acquired Source of acquisition Cost, normal purchase price Total Checkouts Full call number Barcode Date last seen Copy number Price effective from Koha item type
        IMTN IMTN Rack 17-B 11/20/2013 TB 18.95   651.7 VAS 22044 06/24/2024 67.3 06/24/2024 Books
Designed & Maintained by: LRC IMT Nagpur Contact: lrc@imtnag.ac.in© 2024. All Rights Reserved.